Detalles MARC
| 000 -CABECERA |
| campo de control de longitud fija |
01852nam a2200337 a 4500 |
| 001 - NÚMERO DE CONTROL |
| campo de control |
000008722 |
| 003 - IDENTIFICADOR DEL NÚMERO DE CONTROL |
| campo de control |
OCoLC |
| 005 - FECHA Y HORA DE LA ÚLTIMA TRANSACCIÓN |
| campo de control |
20240520133504.0 |
| 008 - DATOS DE LONGITUD FIJA--INFORMACIÓN GENERAL |
| campo de control de longitud fija |
090907s1987 ve 001 0 spa d |
| 020 ## - NÚMERO INTERNACIONAL ESTÁNDAR DEL LIBRO |
| Número Internacional Estándar del Libro |
9802760439 |
| 020 ## - NÚMERO INTERNACIONAL ESTÁNDAR DEL LIBRO |
| Número Internacional Estándar del Libro |
9789802760435 |
| 035 ## - NÚMERO DE CONTROL DEL SISTEMA |
| Número de control de sistema |
(OCoLC)435999708 |
| 040 ## - FUENTE DE LA CATALOGACIÓN |
| Centro catalogador/agencia de origen |
DO-SdBNP |
| Lengua de catalogación |
spa |
| Centro/agencia transcriptor |
BNPHU |
| 082 ## - NÚMERO DE LA CLASIFICACIÓN DECIMAL DEWEY |
| Número de clasificación |
335.12 |
| Número de documento/Ítem |
U91s, 1987 |
| 049 ## - FONDOS LOCALES (OCLC) |
| Fondos de biblioteca |
BNPD |
| Mención de copia |
1 [005080] |
| 245 00 - MENCIÓN DE TÍTULO |
| Título |
Utopismo socialista (1830-1893) / |
| Mención de responsabilidad, etc. |
prólogo, selección, notas y cronología Carlos M. Rama. |
| 250 ## - MENCIÓN DE EDICIÓN |
| Mención de edición |
2a ed. |
| 260 ## - PUBLICACIÓN, DISTRIBUCIÓN, ETC. |
| Lugar de publicación, distribución, etc. |
Caracas : |
| Nombre del editor, distribuidor, etc. |
Biblioteca Ayacucho, |
| Fecha de publicación, distribución, etc. |
1987. |
| 300 ## - DESCRIPCIÓN FÍSICA |
| Extensión |
277 p. ; |
| Dimensiones |
24 cm. |
| 490 1# - MENCIÓN DE SERIE |
| Mención de serie |
Biblioteca Ayacucho |
| Designación de volumen o secuencia |
26 |
| 500 ## - NOTA GENERAL |
| Nota general |
Incluye cronología |
| 504 ## - NOTA DE BIBLIOGRAFÍA, ETC. |
| Nota de bibliografía, etc. |
Incluye referencias bibliográficas y notas al pie de las páginas |
| 505 0# - NOTA DE CONTENIDO CON FORMATO |
| Nota de contenido con formato |
El utopismo socialista en América Latina / Carlos M. Rama -- Criterio de esta edición -- Utopismo latinoamericano / Flora Tristán -- Peregrinaciones de una paria / Esteban Echeverría -- El dogma socialista / Domingo Faustino Sarmiento -- El fourierismo según Tandonnet / Santiago Arcos Arlegui -- Carta a Francisco Bilbao / José Ignacio Abreu e Lima -- El socialismo -- Proyectos utópicos en América Latina / Robert Owen --- Petición a la República de México / Plotino C. Rhodakanaty --- Cartilla socialista / Víctor Considérant -- Cartas al mariscal Bazaine / Albert Kinsey Owen --- El sueño de una ciudad ideal / Giovanni Rossi -- Cecilia: una comuna socialista -- Un episodio de amor en la colonia socialista Cecilia -- Cronología. |
| 650 #4 - PUNTO DE ACCESO ADICIONAL DE MATERIA--TÉRMINO DE MATERIA |
| Término de materia o nombre geográfico como elemento de entrada |
Socialismo en américa latina |
| 9 (RLIN) |
23224 |
| 650 #4 - PUNTO DE ACCESO ADICIONAL DE MATERIA--TÉRMINO DE MATERIA |
| Término de materia o nombre geográfico como elemento de entrada |
Utopías |
| Subdivisión general |
Historia |
| 9 (RLIN) |
23225 |
| 650 #0 - PUNTO DE ACCESO ADICIONAL DE MATERIA--TÉRMINO DE MATERIA |
| Término de materia o nombre geográfico como elemento de entrada |
Movimientos sociales |
| 9 (RLIN) |
23226 |
| 700 1# - PUNTO DE ACCESO ADICIONAL--NOMBRE DE PERSONA |
| Nombre de persona |
Rama, Carlos M., |
| Fechas asociadas al nombre |
1921- 1982, |
| Término indicativo de función/relación |
pról. |
| 9 (RLIN) |
23227 |
| 830 #0 - PUNTO DE ACCESO ADICIONAL DE SERIE-TÍTULO UNIFORME |
| Título uniforme |
Biblioteca Ayacucho |
| Número de parte o sección de la obra |
26 |
| 9 (RLIN) |
23228 |
| 910 ## - DATOS DE OPCIÓN DEL USUARIO (OCLC) |
| Datos de opción del usuario |
Validado. Control de calidad BNPHU |
| 994 ## - |
| -- |
C0 |
| -- |
BNPHU |
| 999 99 - NÚMEROS DE CONTROL DE SISTEMA (KOHA) |
| -- |
0000140 |